Kuusi lähintä maata - Saksa - Statistics

Yleistilastot
  • Tätä visaa on pelattu 26 kertaa
  • Keskiarvotulos 4 / 6
Vastaustilastot
km maa % Oikein
0 Puola
78%
0 Sveitsi
74%
0 Tšekki
70%
0 Alankomaat
65%
0 Belgia
57%
0 Luxemburg
52%
Ehtoja vastaavia visoja ei löytynyt
Tulosjakauma
Jokaisen tuloksen saaneiden osuus
Persentiili vastausten määrän mukaan
Tuloshistoriasi
Et ole pelannut tätä visaa